[Event "Plymouth (MI Op/7/27)"]
[Site "?"]
[Date "1984.??.??"]
[Round "?"]
[White "Baze, Lineas"]
[Black "Johnson, C.."]
[Result "1/2-1/2"]
[WhiteElo "1965"]
[BlackElo "1755"]
[PlyCount "139"]
[EventDate "1984.??.??"]

{7/(27)} 1. e4 e5 2. Nf3 d6 3. d4 Nf6 4. dxe5 Nxe4 5. Bd3 Nc5 6. O-O d5 7. Nc3
Be7 8. Bf4 Bg4 9. h3 Bh5 10. Re1 Ne6 11. Bd2 Nc6 12. g4 Bg6 13. Ne2 Bxd3 14.
cxd3 h5 15. Qa4 Nc5 16. Qc2 hxg4 17. hxg4 Qd7 18. Nh2 Nxe5 19. d4 Nxg4 20. Nxg4
Qxg4+ 21. Ng3 Ne4 22. Qxc7 Qf3 23. Qf4 Qxf4 24. Bxf4 g5 25. Be5 f6 26. Bc7 Rc8
27. Ba5 b6 28. Nxe4 dxe4 29. Bc3 Rh4 30. d5 Kf7 31. Rad1 Rch8 32. d6 Rh1+ 33.
Kg2 Rxe1 34. Rxe1 Bxd6 35. Rxe4 Rh2+ 36. Kg1 Rh4 37. Re2 Bb4 38. Bxb4 Rxb4 39.
f3 g4 40. fxg4 Rxg4+ 41. Kf2 Rh4 42. Kg3 Rd4 43. Rc2 a5 44. a3 b5 45. Rc5 Rd3+
46. Kf4 Rb3 47. Rc2 Ke6 48. Rd2 a4 49. Rf2 Kd5 50. Kf5 Kc4 51. Rc2+ Kd3 52. Rf2
b4 53. axb4 Rxb4 54. Kxf6 Kc4 55. Ke5 Kb3 56. Kd5 Ka2 57. b3+ Kxb3 58. Rf3+ Ka2
59. Kc5 Rb3 60. Rf1 a3 61. Kc4 Rb1 62. Rf3 Rb8 63. Rf1 Kb2 64. Rf2+ Ka1 65. Kc3
a2 66. Rg2 Rb1 67. Rf2 Re1 68. Kb3 Re3+ 69. Kc2 Re1 70. Kb3 1/2-1/2

[Event "Plymouth (MI Op/2/36)"]
[Site "?"]
[Date "1984.??.??"]
[Round "?"]
[White "Bautista, L.."]
[Black "Timmer, T.."]
[Result "1-0"]
[WhiteElo "1865"]
[BlackElo "1605"]
[PlyCount "97"]
[EventDate "1984.??.??"]

{2/(36)} 1. c4 c6 2. d4 d5 3. Nc3 Nf6 4. cxd5 cxd5 5. Nf3 e6 6. e3 Bb4 7. Qb3
Bxc3+ 8. bxc3 b6 9. Ba3 Nc6 10. Nd2 Bb7 11. Rb1 Rc8 12. Bb5 Nd7 13. O-O h5 14.
c4 Na5 15. Qd3 dxc4 16. Nxc4 Nxc4 17. Bxc4 h4 18. Bxe6 Nc5 19. Bxf7+ Kxf7 20.
Qf5+ Qf6 21. Qxf6+ gxf6 22. dxc5 Rcg8 23. f3 b5 24. Rf2 a6 25. Rd1 Ke6 26. Rd6+
Ke5 27. Bb2+ Kf5 28. Rxf6+ Kg5 29. c6 Bc8 30. Rc2 Kh5 31. Rc5+ Rg5 32. Rxg5+
Kxg5 33. f4+ Kh5 34. Rd6 Re8 35. Kf2 h3 36. g3 Re4 37. Bd4 Re7 38. Bb6 Re4 39.
Bd4 Re7 40. Be5 Rc7 41. e4 b4 42. Bf6 a5 43. Bd8 Ra7 44. Rd5+ Kg6 45. Rxa5 Rg7
46. Rg5+ Kf7 47. Rxg7+ Kxg7 48. Ba5 Be6 49. c7 1-0

[Event "East Detroit (MCO/3/15)"]
[Site "?"]
[Date "1984.??.??"]
[Round "?"]
[White "Bautista, L.."]
[Black "Shoults, J.."]
[Result "1-0"]
[WhiteElo "1875"]
[BlackElo "1605"]
[PlyCount "79"]
[EventDate "1984.??.??"]

{3/(15)} 1. d4 Nf6 2. c4 c5 3. d5 b5 4. cxb5 a6 5. Nc3 axb5 6. Nxb5 Qa5+ 7. Nc3
Ba6 8. Bd2 Qc7 9. g3 d6 10. Bg2 g6 11. Ne4 Bg7 12. Bc3 Nbd7 13. Nxf6+ exf6 14.
Nf3 O-O 15. O-O Ne5 16. Nxe5 fxe5 17. Re1 Ra7 18. e4 f5 19. f3 Qb6 20. Qd2 fxe4
21. Ba5 Qb8 22. Rxe4 Rb7 23. Bc3 Rbf7 24. Rc1 Qc8 25. b4 Rc7 26. Ree1 c4 27. a4
Qb7 28. b5 Qa7+ 29. Qf2 Qxf2+ 30. Kxf2 Bb7 31. Bb4 Rd7 32. Bh3 Rxf3+ 33. Kxf3
Bxd5+ 34. Ke2 Rf7 35. Rf1 Ra7 36. a5 Bh6 37. Rcd1 Be4 38. Be6+ Kh8 39. Bxc4 Bf5
40. Rxd6 1-0

[Event "East Detroit (MCO/5/12)"]
[Site "?"]
[Date "1984.??.??"]
[Round "?"]
[White "Bautista, L.."]
[Black "Meleg, M.."]
[Result "1/2-1/2"]
[WhiteElo "1875"]
[BlackElo "2145"]
[PlyCount "104"]
[EventDate "1984.??.??"]

{5/(12)} 1. d4 f5 2. e4 fxe4 3. Nc3 Nf6 4. Bg5 b6 5. f3 e3 6. Bd3 Bb7 7. Qe2 e6
8. Bxe3 Be7 9. O-O-O Nc6 10. Nh3 Nb4 11. Be4 d5 12. Bd3 Nxd3+ 13. Qxd3 Qd7 14.
Rhe1 O-O-O 15. Bf4 Bd6 16. Be5 Rhe8 17. Nf2 Kb8 18. Qe3 Qf7 19. Qg5 a6 20. Qg3
Nh5 21. Qg4 g5 22. Nd3 Ng7 23. h4 Bxe5 24. Rxe5 gxh4 25. Qxh4 Nf5 26. Qf4 Rd7
27. Rde1 Rde7 28. Rh1 h5 29. Rhe1 Qg7 30. Nb4 Qxg2 31. Ncxd5 exd5 32. Qxf5 Rxe5
33. dxe5 Qg3 34. Nd3 h4 35. e6 c5 36. e7 Bc6 37. Qf7 c4 38. Qf4+ Kc8 39. Qxg3
hxg3 40. Nb4 Bb7 41. c3 Kd7 42. Kd2 Rxe7 43. Rxe7+ Kxe7 44. Ke3 Kf6 45. Nc2 Bc6
46. Nd4 Bd7 47. Ne2 g2 48. Kf2 b5 49. a3 a5 50. Kxg2 b4 51. axb4 axb4 52. Kf2
bxc3 1/2-1/2

[Event "Plymouth (MI Op/4/36)"]
[Site "?"]
[Date "1984.??.??"]
[Round "?"]
[White "Bautista, L.."]
[Black "Hutchings, C.."]
[Result "1-0"]
[WhiteElo "1865"]
[BlackElo "1605"]
[PlyCount "105"]
[EventDate "1984.??.??"]

{4/(36)} 1. c4 e5 2. Nc3 Nf6 3. Nf3 Nc6 4. e3 d5 5. cxd5 Nxd5 6. Bb5 Nxc3 7.
bxc3 Bd7 8. d4 exd4 9. exd4 Be7 10. O-O a6 11. Bd3 O-O 12. Qc2 g6 13. Bh6 Re8
14. Qd2 Bf8 15. Bxf8 Rxf8 16. Qf4 Rc8 17. Ng5 f5 18. Bc4+ Kg7 19. Ne6+ Bxe6 20.
Bxe6 Rb8 21. d5 Ne7 22. Qe5+ Rf6 23. Rad1 Qd6 24. f4 Rd8 25. c4 b5 26. cxb5
axb5 27. Rc1 c5 28. Qxd6 Rxd6 29. Rxc5 b4 30. Rb1 Rb6 31. Rc4 Rd6 32. Rc7 Kf8
33. Rxb4 Rd8 34. Rbb7 Re8 35. a4 Rxe6 36. dxe6 h6 37. Rxe7 Rxe7 38. Rxe7 Kxe7
39. Kf2 Kxe6 40. Ke3 Kd5 41. a5 Kc5 42. a6 Kb6 43. Kd4 Kxa6 44. Ke5 Kb5 45. Kf6
Kc4 46. Kxg6 Kd4 47. Kxf5 Kd5 48. g4 Kd6 49. Kf6 Kd7 50. Kf7 Kd6 51. g5 hxg5
52. fxg5 Ke5 53. g6 1-0

[Event "East Detroit (MCO/2/6)"]
[Site "?"]
[Date "1984.??.??"]
[Round "?"]
[White "Bautista, L.."]
[Black "Brooks, John"]
[Result "1/2-1/2"]
[WhiteElo "1875"]
[BlackElo "2135"]
[PlyCount "74"]
[EventDate "1984.??.??"]

{2/(6)} 1. e4 d5 2. exd5 Nf6 3. d4 Nxd5 4. c4 Nf6 5. Be2 g6 6. Nc3 Bg7 7. h3
O-O 8. Be3 Nbd7 9. Nf3 b6 10. O-O Bb7 11. Ne5 Nxe5 12. dxe5 Ne4 13. Nxe4 Bxe4
14. Bd4 c5 15. Bc3 Qc7 16. f4 Rad8 17. Qe1 f6 18. Bg4 Qc6 19. Bf3 Bxf3 20. Rxf3
Rd7 21. Rd1 Rfd8 22. Rxd7 Rxd7 23. Qe2 Kf7 24. Re3 fxe5 25. fxe5 Qe6 26. Qf3+
Ke8 27. Qa8+ Rd8 28. Qxa7 Rd1+ 29. Kh2 Qxc4 30. Qa8+ Rd8 31. Qc6+ Kf8 32. Rf3+
Kg8 33. Qxb6 Qd5 34. Qc7 Rd7 35. Qc8+ Rd8 36. Qc7 Rd7 37. Qc8+ Rd8 1/2-1/2

[Event "Plymouth (MI Op/5/16)"]
[Site "?"]
[Date "1984.??.??"]
[Round "?"]
[White "Bautista, L.."]
[Black "Bassin, C.."]
[Result "1/2-1/2"]
[WhiteElo "1865"]
[BlackElo "2035"]
[PlyCount "53"]
[EventDate "1984.??.??"]

{5/(16)} 1. c4 e5 2. Nc3 f5 3. g3 Nf6 4. Bg2 Bb4 5. e3 Bxc3 6. dxc3 d6 7. Ne2
O-O 8. Qb3 Nc6 9. O-O Kh8 10. Qc2 Qe8 11. e4 fxe4 12. Bg5 Qh5 13. Bxf6 Rxf6 14.
Qxe4 Bf5 15. Qe3 Raf8 16. f4 Rh6 17. h4 e4 18. Nd4 Nxd4 19. cxd4 Re6 20. Rac1
Rfe8 21. Rfe1 Bg4 22. Rc3 Qf5 23. d5 R6e7 24. Qxa7 b6 25. Rce3 h5 26. Qa3 Qf6
27. Kf2 1/2-1/2

[Event "Plymouth (MI Op/6/18)"]
[Site "?"]
[Date "1984.??.??"]
[Round "?"]
[White "Bassin, C.."]
[Black "Petty, M.."]
[Result "1-0"]
[WhiteElo "2035"]
[BlackElo "1790"]
[PlyCount "69"]
[EventDate "1984.??.??"]

{6/(18)} 1. e4 d6 2. Nf3 Nf6 3. Nc3 c5 4. e5 dxe5 5. Nxe5 a6 6. a4 Nbd7 7. Nc4
e6 8. d3 Nb6 9. Nxb6 Qxb6 10. Be2 Bd6 11. a5 Qc7 12. h3 Bd7 13. O-O Bc6 14. Bf3
Rd8 15. Re1 Be5 16. Bxc6+ bxc6 17. Qe2 Bh2+ 18. Kh1 Bd6 19. Ra4 Nd5 20. Ne4 Be7
21. Bd2 Nb4 22. Bc3 e5 23. Nxc5 Bxc5 24. Bxe5 Qe7 25. d4 O-O 26. dxc5 Qxc5 27.
Qg4 f6 28. Rxb4 fxe5 29. Rb7 Rf7 30. Rxf7 Kxf7 31. Qf5+ Kg8 32. Rxe5 Rd1+ 33.
Kh2 Qd6 34. f4 Qf6 35. Qc8+ $138 1-0

[Event "Plymouth (MI Op/2/3)"]
[Site "?"]
[Date "1984.??.??"]
[Round "?"]
[White "Bassin, C.."]
[Black "Noren, Kevin"]
[Result "0-1"]
[WhiteElo "2035"]
[BlackElo "2210"]
[PlyCount "112"]
[EventDate "1984.??.??"]

{2/(3)} 1. e4 Nc6 2. Nf3 e5 3. Bb5 a6 4. Bxc6 dxc6 5. O-O f6 6. d4 exd4 7. Nxd4
c5 8. Nb3 Qxd1 9. Rxd1 Bg4 10. f3 Be6 11. Be3 b6 12. Nc3 Bd6 13. Nd5 O-O-O 14.
Rd2 Ne7 15. Nxe7+ Bxe7 16. Rad1 Rxd2 17. Rxd2 Bd6 18. Kf2 f5 19. exf5 Bxf5 20.
g3 Re8 21. Nc1 Kb7 22. Ne2 Be5 23. c3 Be6 24. a3 Kc6 25. Bf4 Bf6 26. g4 g5 27.
Be3 Rf8 28. Ng3 h6 29. Kg2 Re8 30. Kf2 Be5 31. h3 Bxg4 32. Bxg5 hxg5 33. hxg4
Bf4 34. Rc2 c4 35. Nh5 Bd6 36. Rd2 Bc5+ 37. Kg2 Re1 38. Nf6 Be3 39. Rc2 a5 40.
a4 Bf4 41. Nh5 Be3 42. Nf6 Kd6 43. Ne8+ Kd7 44. Nf6+ Ke6 45. Ne8 c6 46. Ng7+
Ke5 47. Nf5 Bc5 48. Rd2 b5 49. Nd4 Bxd4 50. cxd4+ Kd5 51. f4 Re4 52. axb5 cxb5
53. Rf2 Rxd4 54. Kg3 Rxf4 55. Rxf4 gxf4+ 56. Kxf4 a4 0-1

[Event "Plymouth (MI Op/4/22)"]
[Site "?"]
[Date "1984.??.??"]
[Round "?"]
[White "Bassin, C.."]
[Black "Moore, Robert"]
[Result "1-0"]
[WhiteElo "2035"]
[BlackElo "1750"]
[PlyCount "66"]
[EventDate "1984.??.??"]

{4/(22)} 1. e4 c5 2. f4 d6 3. Nf3 Nf6 4. Bb5+ Bd7 5. Bxd7+ Nbxd7 6. d3 g6 7.
O-O Bg7 8. e5 dxe5 9. fxe5 Ng4 10. e6 Nde5 11. h3 Nxf3+ 12. Qxf3 Nf6 13. exf7+
Kxf7 14. Nc3 Rf8 15. Qxb7 Kg8 16. Be3 Rb8 17. Qxa7 Rxb2 18. Bxc5 Nh5 19. Rxf8+
Kxf8 20. Re1 Bf6 21. Ne4 Bh4 22. Rf1+ Kg8 23. Qa4 Nf6 24. Qc4+ Kg7 25. Bd4 Rb8
26. Nc5 Rb6 27. c3 Qd6 28. a4 e5 29. Ne4 Nxe4 30. Rf7+ Kh6 31. Be3+ Bg5 32.
Bxg5+ Kxg5 33. Qxe4 Qc5+ 1-0

[Event "East Detroit (MCO/4/35)"]
[Site "?"]
[Date "1984.??.??"]
[Round "?"]
[White "Basas, J.."]
[Black "Yee, T.."]
[Result "0-1"]
[WhiteElo "1625"]
[BlackElo "1605"]
[PlyCount "95"]
[EventDate "1984.??.??"]

{4/(35)} 1. d4 d5 2. c4 e6 3. Nf3 h6 4. Bf4 Bb4+ 5. Nc3 Nf6 6. a3 Bxc3+ 7. bxc3
dxc4 8. e3 b5 9. Ne5 Bb7 10. a4 a6 11. Be2 Nd5 12. Qc2 Qh4 13. Bg3 Qg5 14. Nf3
Qg6 15. Qb2 c6 16. Bxc4 Nd7 17. Ba2 N7b6 18. Bb1 f5 19. Ne5 Qh5 20. Bc2 g5 21.
Bd1 g4 22. a5 Nd7 23. c4 N5f6 24. d5 O-O 25. dxc6 Bxc6 26. Nxc6 bxc4 27. O-O
Qe8 28. Ba4 Kh7 29. Rfd1 Nc5 30. Nb8 Qc8 31. Bc2 Nce4 32. Bxe4 Nxe4 33. Rd7+
Kg6 34. Rg7+ Kh5 35. Nd7 c3 36. Qc2 Rd8 37. Nb6 Rd2 38. Qxd2 cxd2 39. Nxc8 Rxc8
40. Rc7 Rxc7 41. Bxc7 Nc3 42. Be5 Ne2+ 43. Kf1 Nc1 44. g3 d1=Q+ 45. Kg2 Qf3+
46. Kg1 Nd3 47. Bd4 Nxf2 48. Kf1 0-1

[Event "Plymouth (MI Op/5/55)"]
[Site "?"]
[Date "1984.??.??"]
[Round "?"]
[White "Basas, J.."]
[Black "Sanborn, Richard"]
[Result "1-0"]
[WhiteElo "1605"]
[BlackElo "1695"]
[PlyCount "33"]
[EventDate "1984.??.??"]

{5/(55)} 1. d4 d5 2. c4 e6 3. Nf3 Nf6 4. Bg5 Nbd7 5. e3 Be7 6. Nc3 O-O 7. Qc2
h6 8. h4 c6 9. O-O-O Qc7 10. g4 e5 11. dxe5 Nxe5 12. Nxe5 Qxe5 13. Bf4 Qe6 14.
g5 Nh5 15. cxd5 Qg6 16. Bd3 Bf5 17. Bxf5 1-0

[Event "East Detroit (MCO/2/38)"]
[Site "?"]
[Date "1984.??.??"]
[Round "?"]
[White "Basas, J.."]
[Black "Safronoff, W.."]
[Result "1-0"]
[WhiteElo "1625"]
[BlackElo "1605"]
[PlyCount "65"]
[EventDate "1984.??.??"]

{2/(38)} 1. d4 d5 2. c4 Nc6 3. Nc3 Nf6 4. Bg5 Be6 5. c5 h6 6. Bh4 Bf5 7. e3 Nb4
8. Qa4+ Nc6 9. Nf3 Bd7 10. Qb3 Be6 11. Qxb7 Na5 12. Qb5+ c6 13. Qa4 Bd7 14. Ne5
e6 15. b4 Nb7 16. Ba6 Qc8 17. Bxf6 gxf6 18. Nxd7 Kxd7 19. b5 Rg8 20. bxc6+ Kc7
21. cxb7 Qd8 22. Qa5+ Kd7 23. Qb5+ Ke7 24. bxa8=Q Qxa8 25. c6 Bg7 26. Qb7+ Qxb7
27. cxb7 Kd7 28. Nb5 e5 29. Rc1 exd4 30. Rc7+ Ke6 31. Nxd4+ Kd6 32. Rc8 Rxc8
33. bxc8=Q 1-0

[Event "Plymouth (MI Op/2/56)"]
[Site "?"]
[Date "1984.??.??"]
[Round "?"]
[White "Basas, J.."]
[Black "Moore, Robert"]
[Result "0-1"]
[WhiteElo "1605"]
[BlackElo "1750"]
[PlyCount "116"]
[EventDate "1984.??.??"]

{2/(56)} 1. d4 g6 2. c4 d6 3. Nc3 Bg7 4. Nf3 Nf6 5. Bg5 O-O 6. e3 c5 7. d5 Qa5
8. Qd2 Bf5 9. Bd3 Bxd3 10. Qxd3 Nbd7 11. O-O a6 12. a4 Rfe8 13. h3 Qb4 14. a5
b5 15. cxb5 c4 16. Qc2 axb5 17. Nd4 Ne5 18. Ndxb5 Rxa5 19. Rxa5 Qxa5 20. e4 Rb8
21. Na3 Qa6 22. Rb1 Nd3 23. Qe2 Nd7 24. Nab5 Rxb5 25. Nxb5 Qxb5 26. Bxe7 Bd4
27. Bxd6 c3 28. b3 Bxf2+ 29. Kh2 Nf6 30. Ra1 h5 31. Ra8+ Kg7 32. Bf8+ Kh7 33.
Qf3 Bd4 34. d6 Be5+ 35. g3 Qxb3 36. Qe3 Qc2+ 37. Kg1 Qc1+ 38. Qxc1 Nxc1 39. Rc8
Nd7 40. Be7 Na2 41. Rc7 Nb6 42. Bf8 Nc1 43. Rxf7+ Kg8 44. Rf1 Ne2+ 45. Kg2 Nxg3
46. Rf3 Nxe4 47. Be7 Nd7 48. Rf1 Bxd6 49. Bxd6 Nxd6 50. Rd1 c2 51. Rc1 Nc4 52.
Kf1 Na3 53. Ke2 Nc5 54. Rg1 Kg7 55. Kd2 Nb3+ 56. Kc3 c1=Q+ 57. Rxc1 Nxc1 58.
Kb2 Ne2 0-1

[Event "Plymouth (MI Op/1b/30)"]
[Site "?"]
[Date "1984.??.??"]
[Round "?"]
[White "Basas, J.."]
[Black "Dautremont, J.."]
[Result "1-0"]
[WhiteElo "1605"]
[BlackElo "1620"]
[PlyCount "69"]
[EventDate "1984.??.??"]

1. d4 c6 2. c4 d5 3. Nf3 Nf6 4. Nc3 g6 5. c5 Bg7 6. Bg5 O-O 7. e3 Bg4 8. Bd3
Nbd7 9. h3 Bf5 10. Bxf5 gxf5 11. Qc2 Ne4 12. Nxe4 fxe4 13. Nd2 f6 14. Bf4 e5
15. Bg3 Bh6 16. Qb3 exd4 17. exd4 Bxd2+ 18. Kxd2 Qa5+ 19. Kc2 b6 20. Bd6 Rf7
21. Qe3 bxc5 22. dxc5 Re8 23. f4 Qb5 24. Rac1 Qb4 25. Rhd1 Nf8 26. a3 Qa4+ 27.
Kb1 Rb7 28. Rd4 Qa5 29. g4 Ne6 30. Rdd1 Nc7 31. Rc3 Reb8 32. Rd2 Rb5 33. Qd4
R8b7 34. Qxf6 Na6 35. Qf8# 1-0

[Event "Plymouth (MI Op/7/48)"]
[Site "?"]
[Date "1984.??.??"]
[Round "?"]
[White "Basas, J.."]
[Black "Brattin, Brian"]
[Result "1-0"]
[WhiteElo "1605"]
[BlackElo "1690"]
[PlyCount "35"]
[EventDate "1984.??.??"]

{7/(48)} 1. d4 Nf6 2. Nf3 d5 3. c4 e6 4. Bg5 Be7 5. Nc3 b6 6. e3 Bb7 7. Rc1 h6
8. Bh4 g5 9. Bg3 Nh5 10. Ne5 Nd7 11. Qxh5 Nxe5 12. Bxe5 Bf6 13. Bxf6 Qxf6 14.
cxd5 Rg8 15. Bb5+ Ke7 16. Ne4 Qh8 17. Rxc7+ Kd8 18. Qxf7 1-0

[Event "East Detroit (MCO/3/38)"]
[Site "?"]
[Date "1984.??.??"]
[Round "?"]
[White "Banish, K.."]
[Black "White, B.."]
[Result "1-0"]
[WhiteElo "1670"]
[BlackElo "1605"]
[PlyCount "95"]
[EventDate "1984.??.??"]

{3/(38)} 1. c4 f5 2. Nc3 e6 3. d4 Nf6 4. Bg5 Be7 5. g3 c6 6. Bg2 d5 7. cxd5
cxd5 8. Nf3 O-O 9. O-O Nc6 10. Rc1 Bd7 11. a3 Ne4 12. Bxe7 Qxe7 13. e3 Rac8 14.
Nd2 a6 15. Ndxe4 fxe4 16. Na4 b5 17. Nc5 Ra8 18. Bh3 Rf6 19. b4 a5 20. Qd2 axb4
21. axb4 Rh6 22. Bg2 Be8 23. Ra1 Rd8 24. f4 exf3 25. Rxf3 Bh5 26. Rf2 Rf6 27.
Rxf6 Qxf6 28. Rf1 Qe7 29. Bf3 Bf7 30. Be2 Rb8 31. Bd3 e5 32. Bc2 e4 33. Bb3 Qd6
34. Nxe4 dxe4 35. Rxf7 Kh8 36. Kg2 Nxb4 37. Qe2 Nd3 38. Qg4 Qg6 39. Qxg6 hxg6
40. Re7 Ne1+ 41. Kh3 Nf3 42. Kg2 Nd2 43. Bf7 Kh7 44. Kf2 b4 45. Ke2 Nf3 46.
Rxe4 Ng1+ 47. Kf2 b3 48. Rh4# 1-0

[Event "East Detroit (MCO/6/18)"]
[Site "?"]
[Date "1984.??.??"]
[Round "?"]
[White "Banish, K.."]
[Black "Bautista, L.."]
[Result "1/2-1/2"]
[WhiteElo "1670"]
[BlackElo "1875"]
[PlyCount "70"]
[EventDate "1984.??.??"]

{6/(18)} 1. c4 f5 2. Nc3 Nf6 3. d4 e6 4. Bg5 Be7 5. Nf3 O-O 6. e3 d6 7. Be2
Nbd7 8. O-O h6 9. Bxf6 Nxf6 10. b4 g5 11. Qb3 Kg7 12. c5 d5 13. a4 Ne4 14. Nxe4
dxe4 15. Ne5 Bf6 16. Rad1 Qe7 17. Rd2 Rh8 18. Rfd1 h5 19. Bc4 h4 20. f4 exf3
21. Nxf3 g4 22. Ne5 Re8 23. Qc2 a5 24. Qb3 axb4 25. Qxb4 Rd8 26. Bb3 Bxe5 27.
dxe5 Rxd2 28. Rxd2 b6 29. Qd4 bxc5 30. Qd8 Qxd8 31. Rxd8 Kf7 32. Rh8 Kg7 33.
Rd8 Kf7 34. Rh8 Kg7 35. Rd8 Kf7 1/2-1/2

[Event "Plymouth (MI Op/4/66)"]
[Site "?"]
[Date "1984.??.??"]
[Round "?"]
[White "Baker, R.."]
[Black "Richardson, R.."]
[Result "1/2-1/2"]
[WhiteElo "1605"]
[BlackElo "1665"]
[PlyCount "68"]
[EventDate "1984.??.??"]

{4/(66)} 1. Nc3 d5 2. e4 d4 3. Nce2 c5 4. b4 c4 5. Nf3 d3 6. cxd3 Qxd3 7. Ng3
Qd6 8. Bxc4 Qxb4 9. Qb3 Qxb3 10. axb3 e6 11. Bb2 Nf6 12. O-O Be7 13. d4 O-O 14.
Ba3 Bxa3 15. Rxa3 a6 16. e5 Ne8 17. Ne4 Nc7 18. Nd6 Nd7 19. Rc1 Nb6 20. Bd3
Ncd5 21. Ng5 g6 22. Nge4 Kg7 23. Nc5 Rb8 24. Be4 Kg8 25. g4 Kg7 26. Kg2 Nf4+
27. Kf3 Nbd5 28. Nd3 Nxd3 29. Bxd3 Bd7 30. Be4 Bc6 31. h4 Rbd8 32. Kg3 h6 33.
b4 Rd7 34. Bxd5 Bxd5 1/2-1/2

[Event "Plymouth (MI Op/6/52)"]
[Site "?"]
[Date "1984.??.??"]
[Round "?"]
[White "Baker, R.."]
[Black "Comstock, Ron"]
[Result "1/2-1/2"]
[WhiteElo "1605"]
[BlackElo "1850"]
[PlyCount "101"]
[EventDate "1984.??.??"]

{6/(52)} 1. Nf3 c5 2. g3 d5 3. d4 cxd4 4. Nxd4 e5 5. Nf3 Nc6 6. Bg2 e4 7. Nd4
Qa5+ 8. Bd2 Qb6 9. Nxc6 bxc6 10. Bc3 Bb4 11. O-O Bxc3 12. Nxc3 Qxb2 13. Qd2 Nf6
14. a3 Qb8 15. Rab1 Qc7 16. f3 exf3 17. Bxf3 O-O 18. e4 Bg4 19. Bxg4 Nxg4 20.
Qg5 d4 21. Qxg4 dxc3 22. Rf5 Rab8 23. Rbf1 Rb2 24. R1f2 Ra2 25. e5 Ra1+ 26. Kg2
Qd7 27. Qc4 Qd5+ 28. Qxd5 cxd5 29. e6 f6 30. Rxd5 Rxa3 31. Re2 Ra6 32. Rd3 Rc6
33. Kf3 Re8 34. Rde3 a5 35. Re4 Ra6 36. R2e3 a4 37. Rxc3 a3 38. Re1 a2 39. Ra1
Rexe6 40. Re3 Reb6 41. Rb3 Rxb3+ 42. cxb3 Kf7 43. Ke4 Ke6 44. Kd3 Kd5 45. Kc3
Kc5 46. Kb2 Kb4 47. Rxa2 Rxa2+ 48. Kxa2 f5 49. Kb2 g5 50. Kc2 h6 51. Kd3
1/2-1/2

[Event "Plymouth (MI Op/2/13)"]
[Site "?"]
[Date "1984.??.??"]
[Round "?"]
[White "Bailey, Greg"]
[Black "Thomas, C.."]
[Result "1-0"]
[WhiteElo "1985"]
[BlackElo "2100"]
[PlyCount "74"]
[EventDate "1984.??.??"]

{2/(13)} 1. d4 d5 2. c4 e6 3. Nc3 Nf6 4. cxd5 exd5 5. Bg5 Be7 6. Nf3 O-O 7. e3
Be6 8. Bd3 Nbd7 9. Qc2 h6 10. Bf4 c5 11. O-O Rc8 12. Rac1 cxd4 13. Nxd4 Nc5 14.
Nxe6 fxe6 15. Bg6 Nce4 16. Qd3 Nxc3 17. Rxc3 Rxc3 18. Qxc3 Bd6 19. Bxd6 Qxd6
20. h3 Qc6 21. Qxc6 bxc6 22. Rc1 Rc8 23. b4 Kf8 24. Kf1 Ke7 25. Ke2 Kd6 26. Kd3
Nd7 27. f4 c5 28. e4 c4+ 29. Kd4 Nb8 30. e5+ Kc7 31. b5 Kb6 32. f5 exf5 33. e6
Kxb5 34. Kxd5 Rc5+ 35. Kd6 Rc6+ 36. Ke7 Na6 37. Be8 Nb8 1-0

[Event "Plymouth (MI Op/6/17)"]
[Site "?"]
[Date "1984.??.??"]
[Round "?"]
[White "Bailey, Greg"]
[Black "Laren, Philip"]
[Result "0-1"]
[WhiteElo "1985"]
[BlackElo "2140"]
[PlyCount "82"]
[EventDate "1984.??.??"]

{6/(17)} 1. d4 Nf6 2. c4 e6 3. g3 d5 4. Bg2 Be7 5. Nc3 O-O 6. cxd5 Nxd5 7. Nf3
Nd7 8. e4 Nxc3 9. bxc3 c5 10. O-O cxd4 11. cxd4 b6 12. Bf4 Bb7 13. Re1 Nf6 14.
Ne5 Rc8 15. Rc1 Rxc1 16. Bxc1 Qa8 17. f3 Rd8 18. Bb2 b5 19. Qb3 a6 20. Bh3 Bc8
21. Rc1 Bd7 22. Rc7 Qb8 23. Rxd7 Nxd7 24. Nxd7 Rxd7 25. Bxe6 Rc7 26. Bxf7+ Kh8
27. e5 Qf8 28. Bd5 Qc8 29. f4 Rc2 30. Be6 Qc6 31. Bd5 Qc8 32. Be4 Re2 33. Bf3
Rc2 34. Bd1 Rd2 35. e6 Qc4 36. Bf3 Qxb3 37. axb3 Rxb2 38. Bb7 a5 39. d5 Rxb3
40. f5 a4 41. g4 a3 0-1

[Event "Plymouth (MI Op/4/9)"]
[Site "?"]
[Date "1984.??.??"]
[Round "?"]
[White "Bailey, Greg"]
[Black "Knecht, Mark"]
[Result "1/2-1/2"]
[WhiteElo "1985"]
[BlackElo "2105"]
[PlyCount "133"]
[EventDate "1984.??.??"]

{4/(9)} 1. d4 f5 2. g3 Nf6 3. Bg2 g6 4. Bg5 Bg7 5. c3 d6 6. Nd2 c6 7. Nh3 e5 8.
dxe5 dxe5 9. Qb3 Qe7 10. Rd1 Be6 11. Qc2 O-O 12. O-O h6 13. Be3 Nd5 14. Bxd5
Bxd5 15. f3 Nd7 16. c4 Be6 17. Kg2 f4 18. Bf2 Bf5 19. Ne4 Qe6 20. Ng1 Nf6 21.
Nxf6+ Bxf6 22. Qb3 Qe7 23. e4 Be6 24. Qc2 Qf7 25. b3 fxg3 26. Bxg3 Rad8 27.
Rxd8 Rxd8 28. Rd1 Qc7 29. Ne2 Qa5 30. Rxd8+ Qxd8 31. Qc3 Qd6 32. Be1 Kf7 33.
Qd2 Qxd2 34. Bxd2 h5 35. Bc3 Ke7 36. Nc1 Kd6 37. Nd3 g5 38. c5+ Kd7 39. Bxe5
Be7 40. Bd4 a5 41. Nb2 Bf7 42. Na4 Bg6 43. Nb6+ Ke6 44. Nc4 Bd8 45. Kf2 Bc7 46.
h3 g4 47. hxg4 hxg4 48. Bc3 gxf3 49. Kxf3 a4 50. b4 Ke7 51. a3 Bf7 52. Nb2 Bb3
53. e5 Ke6 54. Kf4 b6 55. Nd3 Bc4 56. Nf2 bxc5 57. bxc5 Bd8 58. Ke4 Bg5 59. Kd4
Be2 60. Bb2 Bf4 61. Ke4 Bd2 62. Nh3 Bf1 63. Ng1 Bg2+ 64. Kd3 Bf4 65. Kc4 Be3
66. Bd4 Bxg1 67. Bxg1 1/2-1/2

[Event "Plymouth (MI Op/3/36)"]
[Site "?"]
[Date "1984.??.??"]
[Round "?"]
[White "Bagherabadi, Mohammed"]
[Black "Praedel, R.."]
[Result "1-0"]
[WhiteElo "1990"]
[BlackElo "1605"]
[PlyCount "69"]
[EventDate "1984.??.??"]

{3/(36)} 1. d4 Nf6 2. c4 g6 3. Nc3 d5 4. cxd5 Nxd5 5. Nf3 Bg7 6. h4 Nc6 7. h5
Bg4 8. hxg6 fxg6 9. e3 Nxc3 10. bxc3 Qd6 11. Qb3 O-O-O 12. a4 Na5 13. Qc2 Bxf3
14. gxf3 e5 15. Ba3 Qf6 16. Bg2 exd4 17. cxd4 Rhe8 18. Rc1 Nc6 19. Kf1 h5 20.
f4 Qf7 21. Be4 Rxe4 22. Qxe4 Qb3 23. Bc5 Qxa4 24. Kg2 Bf8 25. Qxg6 Bxc5 26.
Rxc5 Ne7 27. Qe6+ Qd7 28. Qxd7+ Kxd7 29. Rhxh5 Kc8 30. Rh7 Nd5 31. f5 c6 32.
Rc1 Rg8+ 33. Kf3 Nf6 34. Rf7 Ng4 35. Rh1 1-0

[Event "East Lansing (MEX/4)"]
[Site "?"]
[Date "1984.??.??"]
[Round "?"]
[White "Bagherabadi, Mohammed"]
[Black "O'Donnell, Robert"]
[Result "0-1"]
[WhiteElo "2025"]
[BlackElo "2180"]
[PlyCount "88"]
[EventDate "1984.??.??"]

1. d4 Nf6 2. Nc3 d5 3. Bg5 c5 4. Bxf6 exf6 5. dxc5 d4 6. Ne4 Bf5 7. Nd6+ Bxd6
8. cxd6 Qxd6 9. c3 Nc6 10. e3 d3 11. Nf3 O-O-O 12. Qd2 Be4 13. Nd4 Ne5 14. b3
Rhe8 15. O-O-O Bg6 16. f3 Kb8 17. e4 Rc8 18. Kb1 Qc5 19. Rc1 a5 20. Bxd3 Red8
21. Be2 f5 22. f4 fxe4 23. Qe3 Nc6 24. g4 f6 25. f5 Bf7 26. Qxe4 Ne5 27. Qf4 a4
28. Ne6 Bxe6 29. fxe6 axb3 30. axb3 Qb6 31. Kb2 Qxe6 32. Ra1 g5 33. Qc1 Nd3+
34. Bxd3 Rxd3 35. Re1 Qxg4 36. Re3 Qg2+ 37. Ka3 Rd6 38. c4 Ra6+ 39. Kb4 Rb6+
40. Kc3 Qxh2 41. Qh1 Qd6 42. Qxh7 Rd8 43. Rd3 Qe5+ 44. Kc2 Qe2+ 0-1

[Event "Plymouth (MI Op/5/7)"]
[Site "?"]
[Date "1984.??.??"]
[Round "?"]
[White "Bagherabadi, Mohammed"]
[Black "Kensek, R.."]
[Result "0-1"]
[WhiteElo "1990"]
[BlackElo "2210"]
[PlyCount "168"]
[EventDate "1984.??.??"]

{5/(7)} 1. d4 Nf6 2. Nc3 d5 3. Bg5 Nbd7 4. Nf3 g6 5. Qd2 Bg7 6. Bh6 O-O 7. Bxg7
Kxg7 8. Ne5 c6 9. e3 Qc7 10. f4 b5 11. Bd3 Nb6 12. b3 a5 13. a4 b4 14. Ne2 c5
15. dxc5 Qxc5 16. Nd4 Ne4 17. Bxe4 dxe4 18. h3 f6 19. Ng4 e5 20. Nb5 h5 21. Nf2
exf4 22. Nxe4 Qe5 23. Qd4 Qxd4 24. Nxd4 Re8 25. Nc5 Re5 26. Nd3 Rxe3+ 27. Kf2
Re4 28. Nb5 Bd7 29. Rhe1 Rxe1 30. Rxe1 Rc8 31. Nd4 Nd5 32. Nxf4 Nb6 33. Re7+
Kh6 34. Rf7 Bf5 35. Rxf6 Kg5 36. Nxh5 Nd5 37. Rd6 Nc3 38. Ng3 Kf4 39. Ra6 Nd1+
40. Ke1 Kxg3 41. Nxf5+ gxf5 42. Rg6+ Kf4 43. Kxd1 Ke3 44. Rg3+ Kf4 45. Rf3+ Ke4
46. Rd3 f4 47. Rd2 Rc5 48. Ke2 Rc8 49. Kf2 Rc3 50. Re2+ Kf5 51. Ke1 Rc5 52. Kd2
Rd5+ 53. Kc1 Rd8 54. Rd2 Rg8 55. Kb2 Rg3 56. Re2 Kf6 57. Kc1 Kf5 58. Kd2 Rc3
59. Re8 Rg3 60. Rf8+ Ke4 61. Re8+ Kf5 62. Re2 Rc3 63. Ke1 Rc5 64. Rd2 Ke4 65.
Kf2 Rc3 66. Kg1 Rc5 67. Re2+ Kf5 68. Kh2 Rc3 69. Rd2 Ke4 70. h4 Rc5 71. g4 Ke3
72. Rd3+ Ke4 73. Rd2 Ke3 74. Rg2 f3 75. Rg1 f2 76. Rf1 Kf3 77. g5 Re5 78. g6
Re6 79. h5 Re5 80. Rxf2+ Kxf2 81. Kh3 Rxh5+ 82. Kg4 Rh1 83. Kf5 Rg1 84. Kf6 Ke2
0-1